Normal view
MARC view
- Vadekar S
Entry Personal Name
001 - CONTROL NUMBER
- control field: 216429
003 - CONTROL NUMBER IDENTIFIER
- control field: OSt
005 - DATE AND TIME OF LATEST TRANSACTION
- control field: 20260122144707.0
008 - FIXED-LENGTH DATA ELEMENTS
- fixed length control field: 260122|| aca||aabn | a|a d
040 ## - CATALOGING SOURCE
- Original cataloging agency: OSt
- Transcribing agency: OSt
100 ## - HEADING--PERSONAL NAME
- Personal name: Vadekar S
670 ## - SOURCE DATA FOUND
- Source citation: Work cat.: (OSt)370050: Vadekar S., भारत एकातमता स्तोत्र सचित्र दर्शन , 2021